000 00588nam a2200253Ia 4500
005 20260121161237.0
008 008 260114s9999 xx 000 0 eng d
020 _a9781003404187
037 _aEBOOK
040 _aCRL
040 _beng
040 _cCRL
041 _2eng
041 _aeng
084 _qCRL
100 _aPedro J. Aphalo
_91041974
245 0 _aLearn R:As a Language
260 _bTaylor and Francis
260 _c2024
856 _uhttp://www.taylorfrancis.com/books/9781003404187
942 _cEBOOK
999 _c1608790
_d1608790